Introduction to the Lattice Boltzmann Methods (Record no. 60743)
[ view plain ]
| 000 -LEADER | |
|---|---|
| fixed length control field | 00633nam a22002057a 4500 |
| 005 - DATE & TIME | |
| control field | 20260425120557.0 |
| 008 - FIXED-LENGTH DATA ELEMENTS--GENERAL INFORMATION | |
| fixed length control field | 260425b |||||||| |||| 00| 0 eng d |
| 020 ## - ISBN | |
| International Standard Book Number | 9781944660246 |
| Price | 1295.00 |
| 040 ## - CATALOGING SOURCE | |
| Original cataloging agency | Doon University |
| 041 ## - Language | |
| Language | English |
| 082 ## - DDC NUMBER | |
| Classification number | 519.4 |
| Book Number | INA |
| 100 ## - MAIN ENTRY--PERSONAL NAME | |
| Personal name | Inamuro, Takaji |
| 245 ## - TITLE STATEMENT | |
| Title | Introduction to the Lattice Boltzmann Methods |
| Sub Title | : Numerical Method for Complex boundary and Moving Boundary Flows |
| 260 ## - PUBLICATION, DISTRIBUTION, ETC. (IMPRINT) | |
| Place of publication, distribution, etc | New Jersey |
| Name of publisher, distributor, etc | World Scientific |
| Date of publication, distribution, etc | 2022 |
| 300 ## - PHYSICAL DESCRIPTION | |
| Pages | 153 |
| 650 ## - Subject | |
| Subject | Mathematics (PM USHA) |
| 700 ## - Added Entry Personal Name | |
| Added Entry Personal Name | Yoshino, Masato |
| 700 ## - Added Entry Personal Name | |
| Added Entry Personal Name | Suzuki, Kosuke |
| 942 ## - ADDED ENTRY ELEMENTS (KOHA) | |
| Koha item type | Books |
| 100 ## - MAIN ENTRY--PERSONAL NAME | |
| -- | 26758 |
| 650 ## - Subject | |
| -- | 26738 |
| 700 ## - Added Entry Personal Name | |
| -- | 26759 |
| 700 ## - Added Entry Personal Name | |
| -- | 26760 |
| 952 ## - LOCATION AND ITEM INFORMATION (KOHA) | |
| -- | 2026-04-25 |
| 952 ## - LOCATION AND ITEM INFORMATION (KOHA) | |
| -- | 2026-04-25 |
| 952 ## - LOCATION AND ITEM INFORMATION (KOHA) | |
| -- | 2026-04-25 |
| Withdrawn status | Lost status | Source of classification or shelving scheme | Damaged status | Not for loan | Location (home branch) | Sublocation or collection (holding branch) | Date acquired | Koha issues (times borrowed) | Koha full call number | Accession No. | Koha date last seen | Koha item type |
|---|---|---|---|---|---|---|---|---|---|---|---|---|
| Doon University | Doon University | 25.04.2026 | 519.4 INA | 32845 | 25.04.2026 | Books | ||||||
| Doon University | Doon University | 25.04.2026 | 519.4 INA | 32846 | 25.04.2026 | Books | ||||||
| Doon University | Doon University | 25.04.2026 | 519.4 INA | 32847 | 25.04.2026 | Books |